| 000 | 00517nam a2200157 i 4500 | ||
|---|---|---|---|
| 001 | 114737 | ||
| 003 | ES-MaACL | ||
| 005 | 20230906190235.0 | ||
| 007 | t| | ||
| 008 | 041108q19601967sp ||||1| eng d | ||
| 245 | 0 | 0 | _aReseau des centres de developpement industriel en Navarra, Espagne. |
| 260 |
_a[Pamplona : _bDiputación Foral de Navarra, _c196-?] |
||
| 300 |
_a29 h., 5 lám. : _bil. ; _c20 cm. |
||
| 710 | 1 |
_aNavarra (Comunidad Autónoma). _bDiputación Foral. _95984 |
|
| 852 |
_aES-MaACL _j2057-F-21 _bR.63027 |
||
| 999 |
_c114737 _d114737 |
||